| 000 | 00640nam a22001937a 4500 | ||
|---|---|---|---|
| 005 | 20251107165755.0 | ||
| 010 | _aENG-147033 | ||
| 020 |
_c1480.00 _a9788198665881 |
||
| 035 | _aEN-130565 | ||
| 037 | _bDBAD | ||
| 082 |
_a947.7086 _21 |
||
| 245 |
_aLessons and Inferences from the Characteristics of Recent Wars/ _cEdited By Gautam Banerjee |
||
| 250 | _a1 | ||
| 260 |
_aNew Delhi _bKW Publishers Pvt Ltd _c2026 |
||
| 270 |
_bNew Delhi _aKW Publishers Pvt Ltd; _e110002 _k91 1143528107 _k91 1143528107 |
||
| 300 |
_axiv, 290p. _c24cm(hb) |
||
| 700 |
_aBanerjee, Gautam _eEditor _985633 |
||
| 942 |
_2ddc _cEN _h947.7086 _mLES |
||
| 999 |
_c213733 _d213733 |
||